[Event "CAN-op U1800"]
[Site "Sault Ste Marie CAN"]
[Date "2017.07.09"]
[Round "2.24"]
[White "Armstrong, Robert J"]
[Black "McNichol, Paul"]
[Result "1-0"]
[WhiteElo "1503"]
[BlackElo "1556"]
[WhiteFideId "-1"]
[WhiteFideId "-1"]
[PlyCount "159"]
[GameId "2160767739837709"]
[EventDate "2017.07.08"]
[EventType "swiss"]
[EventRounds "9"]
[EventCountry "CAN"]
[SourceTitle "hb 2017"]

1. d4 Nf6 2. c4 g6 3. Nc3 d5 4. e3 Bg7 5. Nf3 O-O 6. Bd3 dxc4 7. Bxc4 c5 8. O-O cxd4 9. exd4 a6 10. a4 e6 11. Qe2 Nc6 12. Rd1 Na5 13. Ba2 Re8 14. Bg5 h6 15. Bh4 Qb6 16. Bxf6 Bxf6 17. b4 Nc6 18. a5 Qd8 19. Qe3 Bg7 20. Rab1 Bd7 21. Ne4 Qe7 22. Nc5 Rab8 23. d5 exd5 24. Qxe7 Rxe7 25. Bxd5 Nd8 26. Bxf7+ Nxf7 27. Rxd7 Rxd7 28. Nxd7 Re8 29. Nc5 Re7 30. g3 Bc3 31. Kg2 Rc7 32. Ne6 Rc4 33. b5 axb5 34. Rxb5 Ra4 35. Rxb7 Rxa5 36. Rb8+ Kh7 37. Nh4 g5 38. Nf3 Kg6 39. Rg8+ Kf6 40. Nc7 Ke7 41. Rg6 Kd7 42. Ne6 Ke7 43. Ned4 Rd5 44. Nc2 Rf5 45. Rc6 Rxf3 46. Ne3 Be1 47. Kxf3 Ne5+ 48. Ke2 Nxc6 49. Kxe1 Ke6 50. f3 Ne5 51. Ke2 Ng6 52. Kd3 Kd7 {Black actually played the illegal 52...Kd5 - unnoticed by both players.} 53. Nf5 Ne5+ 54. Ke3 Nf7 55. f4 gxf4+ 56. gxf4 Ke6 57. Nd4+ Kf6 58. h4 Nd6 59. Kf3 h5 60. Ne2 Nf7 61. Ng3 Kg6 62. f5+ Kh6 63. Kf4 Nd6 64. Ke5 Ne8 65. Ne4 Kg7 66. Ng5 Nf6 67. Ne4 Ng4+ 68. Ke6 Kf8 69. f6 Nxf6 70. Kxf6 Kg8 71. Kg6 Kh8 72. Ng3 Kg8 73. Nxh5 Kh8 74. Nf4 Kg8 75. Ne6 Kh8 76. h5 Kg8 77. h6 Kh8 78. Ng5 Kg8 79. h7+ Kh8 80. Nf7# 1-0

[Event "CAN-op U1800"]
[Site "Sault Ste Marie CAN"]
[Date "2017.07.09"]
[Round "2.25"]
[White "Schmiege, Glen"]
[Black "Toussaint, Claude"]
[Result "0-1"]
[WhiteElo "1721"]
[BlackElo "1516"]
[WhiteFideId "-1"]
[WhiteFideId "-1"]
[PlyCount "92"]
[GameId "2160767908344082"]
[EventDate "2017.07.08"]
[EventType "swiss"]
[EventRounds "9"]
[EventCountry "CAN"]
[SourceTitle "hb 2017"]

1. d4 Nf6 2. c4 e6 3. Nc3 Bb4 4. Qc2 O-O 5. a3 Bxc3+ 6. Qxc3 b6 7. Bg5 Bb7 8. f3 d6 9. e3 Nbd7 10. Bd3 c5 11. Ne2 Qc7 12. O-O Rfe8 13. Qc2 d5 14. Rac1 dxc4 15. Bxc4 Nd5 16. e4 N5f6 17. Bb5 Bc6 18. Bd3 h6 19. Bxf6 Nxf6 20. dxc5 Red8 21. cxb6 Qxb6+ 22. Kh1 Rac8 23. Nc3 Bb7 24. Rfe1 Qd4 25. Bf1 Qe5 26. Rcd1 Nd7 27. Rd2 Qc7 28. Red1 Ne5 29. Qb3 Bc6 30. Be2 Ng6 31. g3 Rb8 32. Qc4 Rxd2 33. Rxd2 Ne5 34. Qd4 Nd7 35. b4 Nb6 36. Kg2 Bb7 37. Nb5 Qe7 38. Nxa7 Bxe4 39. Qxe4 Qxa7 40. Bd3 g6 41. Qf4 Kh7 42. Rc2 Nd5 43. Re2 Nxf4+ 44. gxf4 Qxa3 45. Re3 Qb2+ 46. Kg3 Qd4 0-1

[Event "CAN-op U1800"]
[Site "Sault Ste Marie CAN"]
[Date "2017.07.09"]
[Round "2.26"]
[White "Inkpen, Wane"]
[Black "Belanger, Robin"]
[Result "1-0"]
[WhiteElo "1696"]
[BlackElo "1439"]
[WhiteFideId "-1"]
[WhiteFideId "-1"]
[PlyCount "39"]
[GameId "2160767908344083"]
[EventDate "2017.07.08"]
[EventType "swiss"]
[EventRounds "9"]
[EventCountry "CAN"]
[SourceTitle "hb 2017"]

1. d4 Nf6 2. Nf3 g6 3. Bf4 d6 4. Nc3 Bg7 5. e4 O-O 6. Qd2 c5 7. d5 Qb6 8. Bd3 Nh5 9. Nd1 Nxf4 10. Qxf4 Bxb2 11. Nxb2 Qb4+ 12. Qd2 Qxb2 13. O-O b6 14. e5 Qb4 15. c3 Qg4 16. Rfe1 c4 17. Re4 Qd7 18. Qh6 f5 19. e6 fxe4 20. Ng5 1-0

[Event "CAN-op U1800"]
[Site "Sault Ste Marie CAN"]
[Date "2017.07.09"]
[Round "2.27"]
[White "Faust, Steven"]
[Black "White, Chris"]
[Result "1/2-1/2"]
[WhiteElo "1602"]
[BlackElo "1720"]
[WhiteFideId "-1"]
[WhiteFideId "-1"]
[PlyCount "70"]
[GameId "2160767908344084"]
[EventDate "2017.07.08"]
[EventType "swiss"]
[EventRounds "9"]
[EventCountry "CAN"]
[SourceTitle "hb 2017"]

1. Nf3 Nf6 2. g3 c6 3. Bg2 d5 4. d4 Bf5 5. O-O h6 6. Nbd2 e6 7. e3 Bd6 8. c4 dxc4 9. Nxc4 Bc7 10. Bd2 Bd3 11. Qb3 Bxf1 12. Rxf1 b5 13. Nce5 Nd5 14. Rc1 O-O 15. Nxc6 Nxc6 16. Rxc6 a6 17. Ne1 Qd7 18. Rc2 Rac8 19. Nd3 Bb6 20. Ne5 Qd6 21. Be4 Rxc2 22. Bxc2 Qc7 23. Qd3 f5 24. Bb3 Qb7 25. Bc2 Bc7 26. Nd7 Rc8 27. Nc5 Qc6 28. e4 Ne7 29. exf5 exf5 30. b4 Re8 31. d5 Nxd5 32. Qxf5 Nf6 33. Bb3+ Kh8 34. Be3 Re5 35. Qc8+ Re8 1/2-1/2

[Event "CAN-op U1800"]
[Site "Sault Ste Marie CAN"]
[Date "2017.07.09"]
[Round "2.28"]
[White "Thomson, Bruce"]
[Black "Sadler, Craig"]
[Result "0-1"]
[WhiteElo "1371"]
[BlackElo "1642"]
[WhiteFideId "-1"]
[WhiteFideId "-1"]
[PlyCount "78"]
[GameId "2160767908344085"]
[EventDate "2017.07.08"]
[EventType "swiss"]
[EventRounds "9"]
[EventCountry "CAN"]
[SourceTitle "hb 2017"]

1. d4 c6 2. c4 d5 3. Nf3 Nf6 4. Nc3 dxc4 5. a4 Bf5 6. e3 e6 7. Bxc4 Bb4 8. O-O O-O 9. Qe2 Nbd7 10. e4 Bg4 11. h3 Bxf3 12. Qxf3 Nb6 13. e5 Nxc4 14. exf6 Qxf6 15. Qxf6 gxf6 16. Ne4 Be7 17. b3 Nb6 18. Be3 Rad8 19. Nc5 Bxc5 20. dxc5 Nd5 21. Rfe1 Nxe3 22. Rxe3 Rd2 23. Rb1 Rfd8 24. Kf1 a5 25. Rc3 Ra2 26. g3 Rdd2 27. Rf3 f5 28. Rc1 Rac2 29. Rb1 Rxc5 30. b4 axb4 31. Rxb4 Rd7 32. g4 Kg7 33. gxf5 Rxf5 34. Rfb3 Ra5 35. Rc4 Rad5 36. Rcb4 Rd3 37. f3 Rxb3 38. Rxb3 Rd4 39. Rxb7 Rxa4 0-1

[Event "CAN-op U1800"]
[Site "Sault Ste Marie CAN"]
[Date "2017.07.11"]
[Round "2.41"]
[White "Konovalenko, Nicholas"]
[Black "Gillanders, Robert"]
[Result "1/2-1/2"]
[WhiteElo "1796"]
[BlackElo "1771"]
[WhiteFideId "-1"]
[WhiteFideId "-1"]
[PlyCount "71"]
[GameId "2160767908344086"]
[EventDate "2017.07.08"]
[EventType "swiss"]
[EventRounds "9"]
[EventCountry "CAN"]
[SourceTitle "hb 2017"]

1. d4 Nf6 2. c4 e6 3. Nc3 c5 4. d5 exd5 5. cxd5 d6 6. e4 a6 7. a4 g6 8. f4 Bg7 9. h3 O-O 10. Nf3 Re8 11. Bd3 Nbd7 12. O-O b6 13. Rb1 Bb7 14. Re1 Rc8 15. Nd2 Nh5 16. Nc4 Bd4+ 17. Kh2 Qf6 18. Ne2 b5 19. Na5 Ba8 20. axb5 Nb6 21. Nxd4 cxd4 22. bxa6 Nxf4 23. Rf1 g5 24. g3 Nbxd5 25. exd5 Re3 26. Rxf4 Rxd3 27. Qxd3 gxf4 28. Bxf4 Bxd5 29. Rd1 Qe6 30. Qd2 Qf5 31. Qxd4 Be6 32. Nb7 Qxh3+ 33. Kg1 Rc2 34. Rd2 Rc1+ 35. Rd1 Rc2 36. Rd2 1/2-1/2

[Event "CAN-op U1800"]
[Site "Sault Ste Marie CAN"]
[Date "2017.07.11"]
[Round "2.42"]
[White "Orozco, Joey"]
[Black "MacInnis, Jamie"]
[Result "1-0"]
[WhiteElo "1740"]
[BlackElo "1691"]
[WhiteFideId "-1"]
[WhiteFideId "-1"]
[PlyCount "116"]
[GameId "2160767908344087"]
[EventDate "2017.07.08"]
[EventType "swiss"]
[EventRounds "9"]
[EventCountry "CAN"]
[SourceTitle "hb 2017"]

1. c4 Nf6 2. Nc3 g6 3. e4 d6 4. d4 Bg7 5. f3 O-O 6. Be3 c5 7. dxc5 dxc5 8. Qxd8 Rxd8 9. Bxc5 Nc6 10. Nge2 b6 11. Ba3 e6 12. Rd1 Bb7 13. b3 Ne5 14. Nc1 Nh5 15. N3e2 Rxd1+ 16. Kxd1 Rd8+ 17. Kc2 Bh6 18. Bb4 Nc6 19. Bc3 Bg7 20. Nd3 Nf6 21. g3 Nd7 22. Bxg7 Kxg7 23. Bg2 f5 24. Ndf4 Kf6 25. exf5 gxf5 26. Rd1 Nc5 27. Rxd8 Nxd8 28. Nd3 Nd7 29. b4 Nf7 30. Kc3 Ng5 31. Ne1 Nf7 32. f4 Nd6 33. Bxb7 Nxb7 34. Nd3 h5 35. Kd4 a5 36. a3 Ke7 37. Ne5 axb4 38. axb4 Nb8 39. Nc3 Na6 40. Nd3 Kf6 41. Na4 b5 42. cxb5 Nc7 43. b6 Nb5+ 44. Kc4 N5d6+ 45. Kb3 Ke7 46. Nac5 Nd8 47. Ka4 Nc6 48. b5 Nb8 49. Ne5 Ne4 50. Nxe4 fxe4 51. Kb4 e3 52. Kc3 Kd6 53. Kd3 Kc5 54. Nc6 Nxc6 55. bxc6 Kxb6 56. Kxe3 Kxc6 57. Ke4 Kd6 58. f5 Ke7 1-0

[Event "CAN-op U1800"]
[Site "Sault Ste Marie CAN"]
[Date "2017.07.11"]
[Round "2.43"]
[White "Clarke, Brian"]
[Black "Supsup, Ferdinand"]
[Result "0-1"]
[WhiteElo "1690"]
[BlackElo "1739"]
[WhiteFideId "-1"]
[WhiteFideId "-1"]
[PlyCount "68"]
[GameId "2160767908344088"]
[EventDate "2017.07.08"]
[EventType "swiss"]
[EventRounds "9"]
[EventCountry "CAN"]
[SourceTitle "hb 2017"]

1. d4 Nf6 2. Bf4 g6 3. e3 Bg7 4. Nd2 d5 5. c3 O-O 6. Bd3 Nbd7 7. h3 c5 8. Ngf3 Re8 9. O-O Qb6 10. Qc2 Nh5 11. Bh2 e5 12. Nxe5 Nxe5 13. dxe5 Bxe5 14. Bxe5 Rxe5 15. Nf3 Re8 16. Rad1 Bd7 17. c4 d4 18. exd4 cxd4 19. Rfe1 Nf4 20. c5 Qf6 21. Be4 d3 22. Bxd3 Nxh3+ 23. Kf1 Bc6 24. Be4 Bb5+ 25. Bd3 Bc6 26. Be4 Bb5+ 27. Bd3 Bxd3+ 28. Rxd3 Nf4 29. Rd6 Rxe1+ 30. Nxe1 Qh4 31. f3 Re8 32. Qd2 Nh5 33. Nd3 Ng3+ 34. Kg1 Re2 0-1

[Event "CAN-op U1800"]
[Site "Sault Ste Marie CAN"]
[Date "2017.07.11"]
[Round "2.44"]
[White "Dagan, Alfred"]
[Black "Piche, Jeremie"]
[Result "1/2-1/2"]
[WhiteElo "1727"]
[BlackElo "1691"]
[WhiteFideId "-1"]
[WhiteFideId "-1"]
[PlyCount "89"]
[GameId "2160767908344089"]
[EventDate "2017.07.08"]
[EventType "swiss"]
[EventRounds "9"]
[EventCountry "CAN"]
[SourceTitle "hb 2017"]

1. e4 c5 2. Nc3 d6 3. f4 Nc6 4. Nf3 Nf6 5. Bc4 e5 6. d3 a6 7. Ng5 Be6 8. Nxe6 fxe6 9. Bxe6 Nd4 10. Bh3 Be7 11. O-O O-O 12. Ne2 Qe8 13. Nxd4 cxd4 14. Be6+ Kh8 15. f5 Nd7 16. Rf3 Nc5 17. Bd5 Qh5 18. Qf1 Rab8 19. Bd2 b5 20. b3 Nd7 21. Be6 Nc5 22. Bd5 Nd7 23. Kh1 Nf6 24. Rh3 Qg4 25. Be6 Rb7 26. Qd1 Rc7 27. Rf3 Qh5 28. Kg1 Nd7 29. Rc1 Nc5 30. Bd5 Bg5 31. Rh3 Qxd1+ 32. Rxd1 Bxd2 33. Rxd2 Nd7 34. Rf3 Nf6 35. Be6 Ng4 36. h3 Ne3 37. Rdf2 Rf6 38. Kh2 h6 39. g4 g5 40. b4 Kg7 41. Bb3 Rc3 42. Re2 Rf8 43. Re1 Kf6 44. Ra1 Rfc8 45. Rc1 1/2-1/2

[Event "CAN-op U1800"]
[Site "Sault Ste Marie CAN"]
[Date "2017.07.11"]
[Round "2.45"]
[White "Wang, Kai"]
[Black "Sharma, Vishruth"]
[Result "1-0"]
[WhiteElo "1679"]
[BlackElo "1719"]
[WhiteFideId "-1"]
[WhiteFideId "-1"]
[PlyCount "97"]
[GameId "2160767908344090"]
[EventDate "2017.07.08"]
[EventType "swiss"]
[EventRounds "9"]
[EventCountry "CAN"]
[SourceTitle "hb 2017"]

1. e4 c5 2. Nf3 d6 3. Bd3 Nf6 4. c3 Nc6 5. Bc2 g6 6. O-O Bg7 7. h3 O-O 8. Re1 Nd7 9. d3 b5 10. Be3 b4 11. Qc1 Bh8 12. Bh6 Re8 13. Ng5 Qb6 14. Qf4 Nde5 15. Nd2 e6 16. Rad1 bxc3 17. bxc3 f6 18. Ngf3 Qb2 19. Ba4 Bd7 20. d4 Nxf3+ 21. Nxf3 e5 22. dxe5 fxe5 23. Qe3 Qxa2 24. Rxd6 Qxa4 25. Rxd7 Nd4 26. Rd6 Nc2 27. Qd3 Qb3 28. Rc1 Na3 29. Qa6 Re7 30. Rcd1 Rae8 31. Rd8 Nb5 32. Qc6 Nc7 33. R1d7 Qf7 34. Qxc7 Rxd8 35. Rxd8+ Re8 36. Qxf7+ Kxf7 37. Rd7+ Re7 38. Ng5+ Ke8 39. Rxe7+ Kxe7 40. Kf1 Kd7 41. Nxh7 Kc6 42. Ke2 Kb5 43. Kd3 a5 44. Kc2 Kc4 45. f3 a4 46. Bc1 Bg7 47. Ng5 Bh6 48. Nf7 Bf8 49. Nxe5+ 1-0

[Event "CAN-op U1800"]
[Site "Sault Ste Marie CAN"]
[Date "2017.07.11"]
[Round "2.46"]
[White "Zhao, Jeffrey Renfei"]
[Black "Kuttner, Amos"]
[Result "1/2-1/2"]
[WhiteElo "1525"]
[BlackElo "1706"]
[WhiteFideId "-1"]
[WhiteFideId "-1"]
[PlyCount "143"]
[GameId "2160767908344091"]
[EventDate "2017.07.08"]
[EventType "swiss"]
[EventRounds "9"]
[EventCountry "CAN"]
[SourceTitle "hb 2017"]

1. e4 e5 2. Nf3 Nc6 3. Bc4 Be7 4. O-O Nf6 5. Re1 d6 6. d3 Na5 7. Bb3 Nxb3 8. axb3 O-O 9. Nbd2 c5 10. Nf1 Re8 11. Ng3 h6 12. h3 a6 13. Bd2 Be6 14. Nh2 Nh7 15. Ng4 Bg5 16. Ne3 Nf8 17. Nef5 Ng6 18. Bxg5 hxg5 19. Nh5 Bxf5 20. exf5 Nf4 21. Qg4 Nxh5 22. Qxh5 Qf6 23. Qg4 Rac8 24. Re3 d5 25. Rg3 e4 26. dxe4 Rxe4 27. Qxg5 Qxg5 28. Rxg5 f6 29. Rg4 Re2 30. Rd1 Rxc2 31. Rxd5 Rxb2 32. Rd7 g5 33. fxg6 Rxb3 34. Rh4 Rb4 35. Rh5 Rd4 36. Rxb7 Rcd8 37. Rxc5 R4d7 38. Rxd7 Rxd7 39. Rc6 Ra7 40. Rxf6 a5 41. Rb6 a4 42. Rb1 Kg7 43. Ra1 a3 44. g4 Kxg6 45. Kg2 Kg5 46. Kg3 Ra4 47. Ra2 Kg6 48. f3 Kf6 49. h4 Kg6 50. Kf2 Kf6 51. Ke3 Ke5 52. h5 Kf6 53. f4 Ke6 54. h6 Kf6 55. h7 Kg7 56. g5 Kxh7 57. Kf3 Kg6 58. Kg4 Kf7 59. Kh5 Rxf4 60. Rxa3 Kg7 61. Ra7+ Kg8 62. Kg6 Rf8 63. Kh6 Rb8 64. g6 Kh8 65. Ra5 Kg8 66. Rf5 Ra8 67. Rf6 Rb8 68. Rf5 Rb1 69. Kg5 Kg7 70. Rf7+ Kg8 71. Rf6 Kg7 72. Rf4 1/2-1/2

[Event "CAN-op U1800"]
[Site "Sault Ste Marie CAN"]
[Date "2017.07.11"]
[Round "2.47"]
[White "Bui, Alan"]
[Black "Vo, Andy"]
[Result "1/2-1/2"]
[WhiteElo "1716"]
[BlackElo "1512"]
[WhiteFideId "-1"]
[WhiteFideId "-1"]
[PlyCount "100"]
[GameId "2160767908344092"]
[EventDate "2017.07.08"]
[EventType "swiss"]
[EventRounds "9"]
[EventCountry "CAN"]
[SourceTitle "hb 2017"]

1. d4 Nf6 2. Nf3 e6 3. Bf4 d5 4. e3 c5 5. c3 Nc6 6. Nbd2 Be7 7. Bd3 cxd4 8. exd4 O-O 9. O-O Bd7 10. Ne5 Rc8 11. Bg3 a6 12. f4 Nxe5 13. fxe5 Ne8 14. h4 h6 15. Qh5 Bb5 16. Bxb5 axb5 17. a3 Nc7 18. Rf2 f5 19. exf6 Rxf6 20. Rxf6 Bxf6 21. Qg4 Qd7 22. Re1 Kh8 23. Bxc7 Rxc7 24. Qxe6 Bxh4 25. Qxd7 Rxd7 26. Re8+ Kh7 27. Nf3 Bf6 28. Re6 Bd8 29. Ne5 Re7 30. Rd6 Bc7 31. Rxd5 Bxe5 32. dxe5 Kg6 33. Rxb5 Kf5 34. Kf2 Ke4 35. Ke2 Kf4 36. Kf2 Ke4 37. b3 Kd3 38. c4 Kd4 39. Ke2 Ke4 40. g3 Kd4 41. a4 Rxe5+ 42. Rxe5 Kxe5 43. Ke3 Kf5 44. a5 Kg4 45. a6 bxa6 46. c5 Kf5 47. Kd4 Ke6 48. Ke4 g6 49. b4 h5 50. Kf4 Kf6 1/2-1/2

[Event "CAN-op U1800"]
[Site "Sault Ste Marie CAN"]
[Date "2017.07.11"]
[Round "2.48"]
[White "Essery, Richard"]
[Black "Piche, Zachary"]
[Result "1-0"]
[WhiteElo "1530"]
[BlackElo "1456"]
[WhiteFideId "-1"]
[WhiteFideId "-1"]
[PlyCount "29"]
[GameId "2160767908344093"]
[EventDate "2017.07.08"]
[EventType "swiss"]
[EventRounds "9"]
[EventCountry "CAN"]
[SourceTitle "hb 2017"]

1. d4 Nf6 2. Nf3 e6 3. Bf4 c5 4. e3 Nc6 5. c3 cxd4 6. exd4 Be7 7. Nbd2 O-O 8. Bd3 b6 9. h3 Bb7 10. Qe2 Nd5 11. Bh2 d6 12. g4 Qc7 13. g5 e5 14. Qe4 Nd8 15. Qxh7# 1-0

[Event "CAN-op U1800"]
[Site "Sault Ste Marie CAN"]
[Date "2017.07.11"]
[Round "2.49"]
[White "Huang, Youhe"]
[Black "Jacobs, Michael"]
[Result "1-0"]
[WhiteElo "1448"]
[BlackElo "1603"]
[WhiteFideId "-1"]
[WhiteFideId "-1"]
[PlyCount "91"]
[GameId "2160767908344094"]
[EventDate "2017.07.08"]
[EventType "swiss"]
[EventRounds "9"]
[EventCountry "CAN"]
[SourceTitle "hb 2017"]

1. e4 e6 2. d4 d5 3. Nc3 Bb4 4. a3 Bxc3+ 5. bxc3 dxe4 6. Qg4 Nf6 7. Qxg7 Rg8 8. Qh6 Rg6 9. Qe3 Nc6 10. Bb2 Qe7 11. Rd1 Bd7 12. Ne2 O-O-O 13. Ng3 Rdg8 14. Nxe4 Nxe4 15. Qxe4 Rg4 16. Qxh7 R8g6 17. Qh8+ Rg8 18. Qh6 Re4+ 19. Kd2 Rg6 20. Qh8+ Nd8 21. h4 Qd6 22. g3 Reg4 23. Qe5 Qb6 24. Kc1 Bc6 25. Rh2 Re4 26. Qc5 Qxc5 27. dxc5 Re5 28. h5 Rh6 29. c4 Rxc5 30. Be2 Rg5 31. Bd4 Rg8 32. Be3 Rh7 33. g4 f6 34. h6 Be4 35. Bd3 Bxd3 36. Rxd3 Rxg4 37. Rd4 Rg6 38. Rdh4 Nf7 39. Kd2 Ne5 40. Ke2 Kd7 41. Bxa7 Ng4 42. Rg2 Ne5 43. Rxg6 Nxg6 44. Rg4 Rxh6 45. Be3 f5 46. Rd4+ 1-0

[Event "CAN-op U1800"]
[Site "Sault Ste Marie CAN"]
[Date "2017.07.11"]
[Round "2.50"]
[White "Kilroy, Evan"]
[Black "Makarczyk, David"]
[Result "1-0"]
[WhiteElo "1592"]
[BlackElo "1414"]
[WhiteFideId "-1"]
[WhiteFideId "-1"]
[PlyCount "85"]
[GameId "2160767908344095"]
[EventDate "2017.07.08"]
[EventType "swiss"]
[EventRounds "9"]
[EventCountry "CAN"]
[SourceTitle "hb 2017"]

1. e4 c5 2. Nf3 Nc6 3. d4 cxd4 4. Nxd4 e5 5. Nf3 Nf6 6. Bg5 h6 7. Bxf6 Qxf6 8. Bc4 Bc5 9. O-O d6 10. Nc3 O-O 11. Nd5 Qd8 12. a3 Bg4 13. Qd3 Nd4 14. Nxd4 Bxd4 15. c3 Bc5 16. Kh1 a6 17. f4 Rb8 18. f5 Qh4 19. Qd2 Kh8 20. Qe1 Qh5 21. Qg3 Be2 22. Bxe2 Qxe2 23. f6 g6 24. Rae1 Qxb2 25. Rb1 Qe2 26. Rbe1 Qh5 27. Rf5 g5 28. Qd3 Bxa3 29. Ref1 Bc5 30. R5f3 Kh7 31. Ne7 Rh8 32. Rh3 Qg4 33. Rff3 a5 34. Rxh6+ Kxh6 35. Rh3+ Qh4 36. Rxh4+ gxh4 37. Qd2+ Kh5 38. Qe2+ Kg5 39. Qf3 a4 40. Qf5+ Kh6 41. Qg4 Bf2 42. Nf5+ Kh7 43. Qg7# 1-0

[Event "CAN-op U1800"]
[Site "Sault Ste Marie CAN"]
[Date "2017.07.11"]
[Round "2.51"]
[White "Sztuka, Jeremy"]
[Black "Xie, Austin"]
[Result "1-0"]
[WhiteElo "1526"]
[BlackElo "1348"]
[WhiteFideId "-1"]
[WhiteFideId "-1"]
[PlyCount "79"]
[GameId "2160767908344096"]
[EventDate "2017.07.08"]
[EventType "swiss"]
[EventRounds "9"]
[EventCountry "CAN"]
[SourceTitle "hb 2017"]

1. b3 Nf6 2. Bb2 d5 3. e3 c5 4. f4 Nc6 5. Bb5 e6 6. Nf3 Bd7 7. O-O Bd6 8. Bxc6 Bxc6 9. Ne5 Bb5 10. d3 Ba6 11. Rf3 Qc7 12. Rg3 Rg8 13. Rh3 O-O-O 14. a4 g5 15. Rh6 gxf4 16. exf4 Ne8 17. Rxh7 Bxe5 18. Bxe5 Qe7 19. Nd2 Nf6 20. Rh3 Ng4 21. Bb2 d4 22. Nc4 Bxc4 23. bxc4 Ne3 24. Rxe3 dxe3 25. Qf3 b6 26. Qa8+ Kd7 27. Qxa7+ Ke8 28. Qxb6 Qd6 29. Qb5+ Kf8 30. Be5 Qe7 31. Qb6 f6 32. Bc3 Rg6 33. a5 Rc8 34. a6 Qg7 35. Qd6+ Kg8 36. Qxe6+ Kh7 37. Qh3+ Rh6 38. Qxc8 Rg6 39. Qh3+ Rh6 40. Qxe3 1-0

[Event "CAN-op U1800"]
[Site "Sault Ste Marie CAN"]
[Date "2017.07.10"]
[Round "3.22"]
[White "Itkin, Victor"]
[Black "Armstrong, Robert J"]
[Result "1-0"]
[WhiteElo "1761"]
[BlackElo "1503"]
[WhiteFideId "-1"]
[WhiteFideId "-1"]
[PlyCount "41"]
[GameId "2160767908344097"]
[EventDate "2017.07.08"]
[EventType "swiss"]
[EventRounds "9"]
[EventCountry "CAN"]
[SourceTitle "hb 2017"]

1. e4 g6 2. d4 Bg7 3. Nc3 d6 4. Nf3 Nf6 5. Be3 O-O 6. Qd2 Ng4 7. Bf4 e5 8. Bg5 f6 9. Bc4+ Kh8 10. Bh4 Qe8 11. h3 Nh6 12. Nd5 Qd7 13. Nxf6 Bxf6 14. Qxh6 Qf7 15. Bxf6+ Qxf6 16. dxe5 dxe5 17. O-O-O Nc6 18. Kb1 Be6 19. Ng5 Qe7 20. Bxe6 Rxf2 21. Rd7 1-0

[Event "CAN-op U1800"]
[Site "Sault Ste Marie CAN"]
[Date "2017.07.10"]
[Round "3.23"]
[White "Crnilovic, Grisha"]
[Black "Inkpen, Wane"]
[Result "1-0"]
[WhiteElo "1617"]
[BlackElo "1696"]
[WhiteFideId "-1"]
[WhiteFideId "-1"]
[PlyCount "83"]
[GameId "2160767908344098"]
[EventDate "2017.07.08"]
[EventType "swiss"]
[EventRounds "9"]
[EventCountry "CAN"]
[SourceTitle "hb 2017"]

1. e4 d5 2. exd5 Qxd5 3. Nc3 Qd6 4. d4 Nf6 5. Bc4 a6 6. Bb3 Nc6 7. Be3 Bf5 8. Nf3 e6 9. Nh4 Bg4 10. f3 Bh5 11. g4 Bg6 12. Nxg6 hxg6 13. Qd2 O-O-O 14. O-O-O Be7 15. g5 Nd5 16. Nxd5 exd5 17. Bf4 Qe6 18. Rhe1 Qf5 19. Kb1 Rh4 20. Be3 Rdh8 21. Re2 Bd6 22. f4 Ne7 23. Rf1 c6 24. a3 Qd7 25. c4 Kb8 26. cxd5 Nxd5 27. Bxd5 Qf5+ 28. Ka2 Qxd5+ 29. Ka1 Rh3 30. Qc2 Rf3 31. Qd1 Rhh3 32. Rxf3 Rxf3 33. Qd2 Qe4 34. Ka2 Rf1 35. Rf2 Rh1 36. Re2 Qd5+ 37. b3 a5 38. Kb2 Qe4 39. Kc3 Bxa3 40. Qd3 Bb4+ 41. Kc2 Rc1+ 42. Bxc1 1-0

[Event "CAN-op U1800"]
[Site "Sault Ste Marie CAN"]
[Date "2017.07.10"]
[Round "3.24"]
[White "Toussaint, Claude"]
[Black "McGilly, Craig"]
[Result "0-1"]
[WhiteElo "1516"]
[BlackElo "1524"]
[WhiteFideId "-1"]
[WhiteFideId "-1"]
[PlyCount "86"]
[GameId "2160767908344099"]
[EventDate "2017.07.08"]
[EventType "swiss"]
[EventRounds "9"]
[EventCountry "CAN"]
[SourceTitle "hb 2017"]

1. e4 e5 2. Nf3 Nc6 3. Bb5 a6 4. Ba4 Nf6 5. O-O b5 6. Bb3 Bc5 7. c3 O-O 8. Re1 d6 9. h3 Ne7 10. d4 exd4 11. cxd4 Bb6 12. Bg5 Bb7 13. Bxf6 gxf6 14. d5 Ng6 15. Nc3 Kh8 16. Rc1 Rg8 17. Qd2 Qf8 18. Ne2 Re8 19. Ng3 Bc8 20. Qc3 Ne5 21. Nxe5 fxe5 22. Qf3 Rg6 23. Kf1 Re7 24. Nh5 f5 25. exf5 Qxf5 26. Qxf5 Bxf5 27. g4 Bd3+ 28. Kg1 Rf7 29. Red1 Rxf2 30. Rxd3 Rf3+ 31. Kh1 Rxd3 32. Rc3 Rxc3 33. bxc3 Rg8 34. Ng3 a5 35. a4 bxa4 36. Bxa4 Rb8 37. c4 Bd4 38. Bb5 Kg7 39. Ne4 Rxb5 40. cxb5 a4 41. Nd2 a3 42. Nb3 a2 43. Kg2 Kg6 0-1

[Event "CAN-op U1800"]
[Site "Sault Ste Marie CAN"]
[Date "2017.07.10"]
[Round "3.25"]
[White "Sadler, Craig"]
[Black "Sadler, Kirk"]
[Result "1/2-1/2"]
[WhiteElo "1642"]
[BlackElo "1422"]
[WhiteFideId "-1"]
[WhiteFideId "-1"]
[PlyCount "50"]
[GameId "2160767908344100"]
[EventDate "2017.07.08"]
[EventType "swiss"]
[EventRounds "9"]
[EventCountry "CAN"]
[SourceTitle "hb 2017"]

1. g3 e5 2. c4 Nf6 3. Bg2 d5 4. cxd5 Nxd5 5. Nc3 Be6 6. d3 Nc6 7. Nf3 f6 8. O-O Qd7 9. Bd2 Bc5 10. Rc1 Bb6 11. Ne4 O-O-O 12. Nc5 Bxc5 13. Rxc5 h5 14. Qa4 Nb6 15. Qa3 h4 16. Nxh4 Rxh4 17. gxh4 Bh3 18. e4 Bxg2 19. Kxg2 Nd4 20. Rfc1 c6 21. h3 Ne2 22. Qxa7 Qxd3 23. Rxc6+ Kd7 24. Qxb7+ Ke8 25. Qxg7 Nf4+ 1/2-1/2

[Event "CAN-op U1800"]
[Site "Sault Ste Marie CAN"]
[Date "2017.07.10"]
[Round "3.26"]
[White "White, Chris"]
[Black "Schmiege, Glen"]
[Result "1/2-1/2"]
[WhiteElo "1720"]
[BlackElo "1721"]
[WhiteFideId "-1"]
[WhiteFideId "-1"]
[PlyCount "80"]
[GameId "2160767908344101"]
[EventDate "2017.07.08"]
[EventType "swiss"]
[EventRounds "9"]
[EventCountry "CAN"]
[SourceTitle "hb 2017"]

1. d4 d5 2. e3 Nf6 3. c4 c6 4. Nc3 e6 5. Nf3 Bb4 6. Bd3 dxc4 7. Bxc4 Nbd7 8. O-O O-O 9. Qc2 Re8 10. e4 e5 11. Qb3 Qe7 12. dxe5 Bxc3 13. Qxc3 Nxe5 14. Nxe5 Qxe5 15. Qxe5 Rxe5 16. f3 Re8 17. Rd1 Be6 18. Be2 h6 19. Be3 b6 20. Kf2 c5 21. b3 Red8 22. Ke1 g5 23. Rd2 Rxd2 24. Kxd2 Rd8+ 25. Kc3 Kf8 26. h4 Nh7 27. Rd1 Rxd1 28. Bxd1 f6 29. Bc2 Ke7 30. Bf2 Nf8 31. Bg3 Nd7 32. hxg5 hxg5 33. Bc7 Ne5 34. Bd3 Nxd3 35. Kxd3 b5 36. g3 c4+ 37. Kc3 Kd7 38. Bb8 a6 39. f4 gxf4 40. gxf4 cxb3 1/2-1/2

[Event "CAN-op U1800"]
[Site "Sault Ste Marie CAN"]
[Date "2017.07.10"]
[Round "3.27"]
[White "Belanger, Robin"]
[Black "Faust, Steven"]
[Result "1-0"]
[WhiteElo "1439"]
[BlackElo "1602"]
[WhiteFideId "-1"]
[WhiteFideId "-1"]
[PlyCount "101"]
[GameId "2160767908344102"]
[EventDate "2017.07.08"]
[EventType "swiss"]
[EventRounds "9"]
[EventCountry "CAN"]
[SourceTitle "hb 2017"]

1. e4 b6 2. d4 Bb7 3. Bd3 g6 4. f4 Bg7 5. Nf3 e6 6. O-O Ne7 7. f5 exf5 8. exf5 O-O 9. c3 d6 10. Nh4 Nd5 11. Qg4 Ba6 12. Bxa6 Nxa6 13. fxg6 hxg6 14. Bg5 Qc8 15. Qf3 c6 16. Nd2 Qd7 17. Ne4 Rae8 18. Nf6+ Nxf6 19. Bxf6 d5 20. Bxg7 Kxg7 21. Qf6+ Kg8 22. Nf5 gxf5 23. Rxf5 Qxf5 24. Qxf5 Re6 25. Rf1 Nc7 26. h3 Ne8 27. Rf4 Rg6 28. Rg4 Rxg4 29. Qxg4+ Ng7 30. h4 f5 31. Qg6 c5 32. h5 Kh8 33. Qd6 Kg8 34. h6 Ne8 35. Qg6+ Kh8 36. Kf2 f4 37. Kf3 cxd4 38. cxd4 Rg8 39. Qe6 Kh7 40. Qf7+ Kh8 41. h7 Rg3+ 42. Kxf4 Nd6 43. Qf8+ Kxh7 44. Kxg3 Ne4+ 45. Kf4 a5 46. Kf5 Ng3+ 47. Ke6 Ne4 48. Kxd5 Ng5 49. g4 Nh3 50. Qf7+ Kh6 51. Qh5+ 1-0